MODELLING COMPOSITE POLYMERS WITH MAGNETIC FILLERS

Podrobná bibliografia
Hlavní autori: Grusková, Anna, 1943- (Autor), Hudec, I. (Autor), Sláma, Jozef, 1938- (Autor), Dosoudil, Rastislav, 1970- (Autor), Vicen, R. (Autor)
Médium: Článok
Jazyk:angličtina
ISBN:8022710695

MARC

LEADER 00000naa a2200000uu 4500
001 vtls010950860
003 SK-MaSNL
005 20260302134731.0
008 210910|1998 xo |||||||||||||||||eng|
015 |a SNBRA 
035 |a (urnnbn)urn:nbn:sk:snk:ar-a0bjko 
035 |a (uuid)6febb7c2-b70c-4546-a21c-288b505268d6 
035 |a urn:nbn:sk:snk-aaubm8 
040 |a SNKBUCL  |b slo  |c SNKBUCL  |e AACR2 
041 0 |a eng 
044 |a xo  |c SK 
100 1 |a Grusková, Anna,  |d 1943-  |4 aut  |9 191853 
245 1 0 |a MODELLING COMPOSITE POLYMERS WITH MAGNETIC FILLERS  |c A. Grusková, I. Hudec, J. Sláma, R. Dosoudil, R. Vicen 
700 1 |a Hudec, I.  |4 aut  |9 532486 
700 1 |a Sláma, Jozef,  |d 1938-  |4 aut  |9 215325 
700 1 |a Dosoudil, Rastislav,  |d 1970-  |4 aut  |9 20603 
700 1 |a Vicen, R.  |4 aut  |9 783093 
773 0 |t Mechatronika '98  |d Bratislava : Slovak Technical University, 1998  |g S. 39-44  |z 8022710695 
958 |a OND 
958 |a article11 
958 |a chapter 
999 |c 1323639  |d 1325569